Movies Quiz

Random Movies or Clickable Quiz

James Bond Spot The Difference VI Quiz Stats

 Plays Quiz not verified by Sporcle

Score 0/10 Timer 05:00
1 Play Today
% Correct
Face the facts.
99.6%
You've met your Waterloo.
99.5%
Well registered.
99.3%
Well red.
98.5%
You're all loafer this quiz.
97.1%
All the trimmings.
91.1%
So long as the collars and cuffs match.
91%
Lo-gone.
85.1%
Undersleeveable!
83%
Ceiling the deal.
69.5%

You're not logged in!

Compare scores with friends on all Sporcle quizzes.
OR
Log In

Show Comments

Extras

Top Quizzes Today


Score Distribution

Your Account Isn't Verified!

In order to create a playlist on Sporcle, you need to verify the email address you used during registration. Go to your Sporcle Settings to finish the process.

Report this User

Report this user for behavior that violates our Community Guidelines.

Details: